000 00685nam a2200265Ia 4500
005 20260324153445.0
008 008 260324s9999 xx 000 0 eng d
020 _a9780323857888
037 _aEBOOK
040 _aCRL
040 _beng
040 _cCRL
041 _2eng
041 _aeng
084 _qCRL
100 _aSanjay J Dhoble
_91231449
245 0 _aFunctional Materials from Carbon, Inorganic, and Organic Sources: Methods and Advances
260 _bElsevier
260 _c2023
650 _aMaterials Science
856 _uhttps://www.sciencedirect.com/science/book/9780323857888
942 _cEBOOK
999 _c1842990
_d1842990